01512nam a2200421 i 450000100060000000300080000600500170001400600190003100700150005000800410006502000180010602000270012403500230015103500240017403500250019803500220022304000310024505000200027608000100029608200140030610000200032024500540034025000180039426400430041230000410045533600310049633700330052733800430056050400290060358801250063259001640075765000170092165000270093865500270096579700190099285600620101199900170107355819FlNmELB20241216232806.0m o d | cr cnu||||||||180803s2017 mx ob 000 0 spa d z9788494555152 a9781512949186 (e-book) a(MiAaPQ)EBC5308166 a(Au-PeEL)EBL5308166 a(CaPaEBR)ebr11516981 a(OCoLC)1149137925 aFINmELBbspaerdacFINmELB 4aHQ21bC552 2017 a155.30 a306.72231 aChoza, Jacinto.10aAntropología de la sexualidad /cJacinto Choza. a2a. edicin̥. 1aSevilla :bEditorial Thémata,c2017. a1 recurso en línea (329 páginas) atextobtxt2rdacontent/spa acomputadorabc2rdamedia/spa arecurso en líneabcr2rdacarrier/spa aContiene bibliografía. aDescripción basada en recurso en línea; Título de la página del título en PDF (e-libro, visto August 3, 2018). aRecurso electrónico. Santa Fe, Arg.: e-libro, 2018. Disponible vía World Wide Web. El acceso puede estar limitado para las bibliotecas afiliadas a e-libro. 0aSex customs. 4aComportamiento sexual. 4aLibros electrónicos.2 ae-libro, Corp.40uhttps://elibro.net/ereader/politecnicointernacional/59981 c55819d55819